Communication Systems Analog & digital (Record no. 212436)

000 -LEADER
fixed length control field 00890 a2200193 4500
003 - CONTROL NUMBER IDENTIFIER
control field Nust
005 - DATE AND TIME OF LATEST TRANSACTION
control field 20220817183954.0
020 ## - INTERNATIONAL STANDARD BOOK NUMBER
International Standard Book Number 13-978-0-07-063454-1
040 ## - CATALOGING SOURCE
Transcribing agency Nust
082 ## - DEWEY DECIMAL CLASSIFICATION NUMBER
Classification number 621.382,SIN
100 ## - MAIN ENTRY--PERSONAL NAME
Personal name Singh,R P
9 (RLIN) 97873
245 ## - TITLE STATEMENT
Title Communication Systems Analog & digital
Remainder of title analog & digital
Statement of responsibility, etc. R P Singh
250 ## - EDITION STATEMENT
Edition statement 2nd ed. /
260 ## - PUBLICATION, DISTRIBUTION, ETC.
Place of publication, distribution, etc. New Delhi
Name of publisher, distributor, etc. Tata Mcgraw-Hill
Date of publication, distribution, etc. 2007
300 ## - PHYSICAL DESCRIPTION
Extent xi,584:p
505 ## - FORMATTED CONTENTS NOTE
Formatted contents note Signal analysis (Page-1), Linear systems (Page-78), Probability and random signal theory (Page-144), Noise (Page-166), Amplitude modulation systems (Page-207), Angle modulation systems (Page-303), Pulse modulation systems (Page 385), Pulse code modulation (Page-407), Data transmission (Page- 430), Information theory (Page 452), Coding (Page- 490), Advanced communications systems (Page-524).
650 ## - SUBJECT ADDED ENTRY--TOPICAL TERM
Topical term or geographic name entry element Telecommunication Engineering.
942 ## - ADDED ENTRY ELEMENTS (KOHA)
Koha item type Reference
Source of classification or shelving scheme
Holdings
Withdrawn status Lost status Source of classification or shelving scheme Damaged status Not for loan Permanent Location Current Location Shelving location Date acquired Full call number Barcode Date last seen Price effective from Koha item type Public note
          Military College of Signals (MCS) Military College of Signals (MCS) Reference 12/12/2016 621.382,SIN MCS34499 12/08/2016 12/12/2016 Reference Almirah No.22, Shelf No.4
© 2023 Central Library, National University of Sciences and Technology. All Rights Reserved.